000
00243nam a2200085Ia 4500
008
120527s9999 xx 000 0 und d
100
_a
OBIBUAKU,L.O
245
_a
Agricultutral extension as a strategy for agricultural transformation.
942
_c
BK
999
_c
24123
_d
24123